Truth & Beauty: (Record no. 356050)
[ view plain ]
| 000 -LEADER | |
|---|---|
| fixed length control field | 00274nam a2200097Ia 4500 |
| 008 - FIXED-LENGTH DATA ELEMENTS--GENERAL INFORMATION | |
| fixed length control field | 180305s9999 xx 000 0 und d |
| 020 ## - INTERNATIONAL STANDARD BOOK NUMBER | |
| International Standard Book Number | 9780060572150 |
| 100 ## - MAIN ENTRY--PERSONAL NAME | |
| Personal name | Patchett, Ann |
| 245 ## - TITLE STATEMENT | |
| Statement of responsibility, etc | Ann Patchett |
| Title | Truth & Beauty: |
| Remainder of title | A Friendship |
| 260 ## - PUBLICATION, DISTRIBUTION, ETC. (IMPRINT) | |
| Place of publication, distribution, etc | USA |
| Name of publisher, distributor, etc | Harper Perennial |
| Date of publication, distribution, etc | 2004 |
| Withdrawn status | Lost status | Damaged status | Home library | Current library | Shelving location | Date acquired | Source of acquisition | Total Checkouts | Full call number | Barcode | Date last seen | Price effective from | Koha item type |
|---|---|---|---|---|---|---|---|---|---|---|---|---|---|
| College Library | College Library | Fiction Section | 03/05/2018 | RD 661.G74 .P294 2004 | c21300 | 05/08/2018 | 03/05/2018 | Books |